Boletín de divulgación técnica /

Guardado en:
Autor Corporativo: INTA
Formato: Libro
Idioma:Spanish
Publicado: Buenos Aires, 1950.
Etiquetas: Agregar Etiqueta
Sin Etiquetas, Sea el primero en etiquetar este registro!
LEADER 00428nam a22001575a 4500
001 EUN.um040643
003 AR-BaUNS
005 20050623122912.0
008 041125s1950####ag############000#0#spa#d
245 1 0 |a Boletín de divulgación técnica /  |c INTA. 
260 |a Buenos Aires,  |c 1950. 
300 |a v. 
082 0 4 |a 630.8 
082 0 4 |a 663.1 
110 2 |a INTA  |c Buenos Aires. 
859 |a Ar-BaUNS  |b BIB. CENTRAL - Sector C  |h 630.8  |i In8-3  |p D233/966  |v v.1